000 00764nam a2200169Ia 4500
008 151202s9999||||xx |||||||||||||| ||und||
082 _bPNVM-79213
100 _aसुब्रह्मणम चित्रा-अनु.वाळिंबे वि.स.
245 _aभारत विकणे आहे
260 _b"मेहता पब्लिशींग हाऊस, पुणे"
260 _c154
600 _aसुब्रह्मणम चित्रा-अनु.वाळिंबे वि.स.
630 _aभारत विकणे आहे
700 _aसुब्रह्मणम चित्रा-अनु.वाळिंबे वि.स.
730 _aभारत विकणे आहे
942 _cBOOK
999 _c1343872
_d1343869